La casa : (Record no. 190576)

MARC details
000 -LEADER
campo de control de longitud fija 01001nam a2200277 i 4500
001 - NÚMERO DE CONTROL
campo de control 190576
003 - IDENTIFICADOR DE NÚMERO DE CONTROL
campo de control ES-MaACL
005 - FECHA Y HORA DE LA ÚLTIMA TRANSACCIÓN
campo de control 20240122153227.0
008 - DATOS DE LONGITUD FIJA--INFORMACIÓN GENERAL
campo de control de longitud fija 220104s2016 sp ae 001 0dspa
020 ## - NÚMERO INTERNACIONAL ESTÁNDAR DEL LIBRO
Número Internacional Estándar del Libro 978-84-944936-0-7
080 ## - NÚMERO DE LA CLASIFICACIÓN DECIMAL UNIVERSAL
Número de la Clasificación Decimal Universal 728.1
245 03 - MENCIÓN DEL TÍTULO
Título La casa :
Resto del título piezas, ensambles y estrategias /
Mención de responsabilidad, etc. [directores, María Carreiro, Cándido López].
260 ## - PUBLICACIÓN, DISTRIBUCIÓN, ETC.
Lugar de publicación, distribución, etc. Málaga :
Nombre del editor, distribuidor, etc. Recolectores Urbanos,
Fecha de publicación, distribución, etc. 2016.
300 ## - DESCRIPCIÓN FÍSICA
Extensión 235 p. :
Otras características físicas il. col. y n., planos ;
Dimensiones 24 cm.
490 1# - MENCIÓN DE SERIE
Mención de serie Conferences CSS ;
Designación de volumen o secuencia 7
504 ## - NOTA DE BIBLIOGRAFÍA, ETC.
Nota de bibliografía, etc. Referencias bibliográficas.
594 ## - Nota al título y mención de responsabilidad
Nota al título y mención de responsabilidad En verso de port.: Grupo de Investigación GAUS, ETSA A Coruña
650 ## - PUNTO DE ACCESO ADICIONAL DE MATERIA--TÉRMINO DE MATERIA
Término de materia o nombre geográfico como elemento de entrada Viviendas.
9 (RLIN) 17841
650 #4 - PUNTO DE ACCESO ADICIONAL DE MATERIA--TÉRMINO DE MATERIA
Término de materia o nombre geográfico como elemento de entrada Arquitectura-
Subdivisión cronológica S.XX.
9 (RLIN) 10007
700 1# - ENTRADA AGREGADA--NOMBRE PERSONAL
Nombre de persona Carreiro, María.
9 (RLIN) 171158
700 1# - ENTRADA AGREGADA--NOMBRE PERSONAL
Nombre de persona López González, Cándido.
9 (RLIN) 173912
830 1# - PUNTO DE ACCESO ADICIONAL DE SERIE-TÍTULO UNIFORME
Título uniforme Conferences CSS ;
Designación de volumen o secuencia 7
9 (RLIN) 193501
852 4# - LOCALIZACIÓN
Ubicación ES-MaACL
Número de control de estantería A-14837
itemnumber 197754
Sublocalización o colección R.152330
Ubicación en estantería Depósito 1
Signatura antigua Olim: N-7837
Donativo/Legado Donativo: Editorial
942 ## - ELEMENTOS DE ENTRADA SECUNDARIOS (KOHA)
Fuente del sistema de clasificación o colocación Clasificación decimal universal
Holdings
Estatus retirado Estado de pérdida Fuente del sistema de clasificación o colocación Estado de daño No para préstamo Biblioteca de origen Biblioteca actual Ubicación en estantería Fecha de adquisición Fuente de adquisición Total de préstamos Signatura topográfica completa Código de barras Visto por última vez Precio de reemplazo Tipo de ítem Koha
    Clasificación decimal universal     Biblioteca del Ateneo de Madrid Biblioteca del Ateneo de Madrid Depósito 1 04/01/2022 Donación   A-14837 1202790 23/02/2023 23/02/2023 Libro impreso